|
|
|
|
| LEADER |
00000cam a2200000 a 4500 |
| 001 |
vtls001290973 |
| 003 |
SK-MaSNL |
| 005 |
20260301064933.0 |
| 008 |
240509s1960 xo a p 00000 slo |
| 015 |
|
|
|a SNBA1960/04-00500
|
| 035 |
|
|
|a SNK000242633
|
| 040 |
|
|
|a SNK
|b slo
|c SNK
|e AACR2
|
| 041 |
0 |
|
|a slo
|
| 044 |
|
|
|a xo
|c SK
|
| 080 |
|
|
|a 54:61(075.8)(076.5)
|2 1981
|
| 100 |
1 |
|
|a Lišková, Naďa
|4 aut
|9 382953
|
| 245 |
1 |
|
|a Praktikum z lekárskej chémie
|c Naďa Lišková
|
| 250 |
|
|
|a [5. vyd.] Dotlač
|
| 260 |
|
|
|a Bratislava
|b Slovenské pedagogické nakladateľstvo
|c 1960
|
| 300 |
|
|
|a 165 s.
|c 29 cm
|
| 366 |
|
|
|e 530 výtl.
|
| 490 |
1 |
|
|a Vysokoškolské učebné texty / Univerzita Komenského
|
| 500 |
|
|
|a Dotlač
|
| 650 |
0 |
7 |
|a lekárska chémia
|2 SNKPH
|9 852
|
| 655 |
|
7 |
|a učebnice vysokých škôl
|2 SNKPH
|9 70191
|
| 655 |
|
7 |
|a praktické cvičenia
|2 SNKPH
|9 70517
|
| 810 |
2 |
|
|a Univerzita Komenského v Bratislave.
|b Lekárska fakulta
|t Vysokoškolské učebné texty
|9 307295
|
| 852 |
|
|
|a Slovenská národná knižnica
|
| 958 |
|
|
|a OND
|
| 999 |
|
|
|c 628813
|d 630743
|
| 952 |
|
|
|t P60, <03>, [BOOK], {603}
|a SNK
|b SNK
|y PREZ
|7 0
|p 17A0741054
|o snkSB 6283
|i snkKSP 788/60
|0 0
|1 0
|4 0
|d 1997-06-18
|f 1
|l 0
|r 2025-02-21 00:00:00
|w 2026-02-23
|
| 952 |
|
|
|t P60, <04>, [BOOK], {604}
|a SNK
|b SNK
|y VYP
|7 0
|p 17A0072681
|o snkSB 6283 D1
|i snkD 718/97
|0 0
|1 0
|4 0
|d 1997-06-18
|l 0
|r 2005-01-02 00:00:00
|w 2026-02-23
|